00996nam a2200241 a 450000100060000000300080000600500170001400800410003103500190007204000320009104100080012308200270013124500870015826000580024530000320030365000370033570000440037270000270041694200120044399900170045595201410047295201410061342864BD-RjUL20211209053615.0160616s1967 njuac 010 0 eng  a(BD-RjUL)42982 aDLCcDLCdDLCdBD-RjULbeng aeng00a330.0151223bESS 196710aEssays in mathematical economics :bin honor of Oskar Morgenstern /cMartin Shubik aPrinceton, N.J.,bPrinceton University Press,cc1967, axx, 475 p. :bill ;c24 cm. 0aEconomics, Mathematical.91316771 aMorgenstern, Oskar,d1902-1977.91316791 aShubik, Martin9177724 2ddccBK c42864d42864 00102ddc40708NFICaRUCLbRUCLcStackd1968-12-03eZeithingerg118.60l0o330.0151 ESS 1967r2016-06-16 00:00:00tC-2w2021-12-09yBK 00102ddc40708NFICaRUCLbRUCLcStackd1968-12-03eZeitlingerg118.06l0o330.0151 ESS 1967r2016-12-27 00:00:00tC-3w2016-12-27yBK